00850cam a22002291 4500001001300000003000400013005001700017008004100034010001700075035002000092040004900112042001200161050001900173110004100192245011100233260004300344300001800387500004800405650006400453650006200517710004100579e 12000042 DLC20260227111156.0880615s1911 dcu l f000 0 eng c ae 12000042  a(OCoLC)18094224 aLibrary, U.S. Bur. of EducationcCUdCUdDLC apremarc00aS533b.A4 19111 aUnited States.kLaws, statutes, etc.10aFederal laws, regulations, and rulings affecting the land-grant colleges of agriculture and mechanic arts. aWashington,bGovt. Print. Off.,c1911. a13 p.c24 cm. aAt head of title: U.S. Bureau of Education. 0aAgricultural collegesxLaw and legislationzUnited States. 0aTechnical educationxLaw and legislationzUnited States.1 aUnited States.bBureau of Education.